[Event "43rd Olympiad 2018"]
[Site "Batumi GEO"]
[Date "2018.09.24"]
[Round "1.65"]
[White "Mohammad Fahad, Rahman"]
[Black "Salvadora, Angelo"]
[Result "1-0"]
[WhiteElo "2263"]
[BlackElo "1772"]
[PlyCount "65"]
[EventDate "2018.09.24"]
[EventType "team"]
[EventRounds "11"]
[EventCountry "GEO"]
[SourceTitle "The Week in Chess 1246"]
[Source "Mark Crowther"]
[SourceDate "2018.09.24"]
[SourceVersion "1"]
[SourceVersionDate "2018.09.24"]
[SourceQuality "2"]
[WhiteTeam "Bangladesh"]
[BlackTeam "Palau"]
[WhiteTeamCountry "BAN"]
[BlackTeamCountry "PAL"]

1. e4 e5 2. Nf3 d5 3. Nxe5 dxe4 4. Bc4 Nh6 5. d4 Be6 6. Bxe6 fxe6 7. Bxh6 Qf6
8. Be3 Na6 9. Nc3 Bb4 10. O-O O-O-O 11. Nxe4 Qf5 12. Qg4 Qxg4 13. Nxg4 h5 14.
Ne5 Rhg8 15. Ng5 Rde8 16. c4 Bd6 17. a3 c5 18. Ngf7 Bxe5 19. dxe5 Re7 20. Nd6+
Kb8 21. h4 b6 22. Rab1 Nc7 23. b4 cxb4 24. axb4 Ne8 25. c5 Nxd6 26. exd6 Rd7
27. c6 Rxd6 28. Bf4 Kc7 29. Rfd1 Rgd8 30. b5 a6 31. bxa6 Kxc6 32. Rxd6+ Rxd6
33. Bxd6 1-0